000 ncm a22 a 4500
999 _c322089
_d322089
003 BLK
005 20200610172345.0
008 180414b bul |a|er|||| |0| c|bulo|
010 _aNOT00004121000
040 _aBLK
041 _aBUL
_cBUL
080 _aВокална музика
_b784
_x(497.2)
_z784(497.2)
100 1 _aПетков, Димитър
_eпърви автор
_9365920
139 _aПетков, Димитър
_bП 44
245 1 0 _aМесечинко лю грейливка
_bСолови песни
_cДимитър Петков.
254 _aКлавир
257 _aBGR
260 _bМузика
_c1980
300 _a68 с.
_c34 см
380 _a7
505 _gНар. песен : es1 - g2
_tМесечинко лю грейливка
505 _gНар. текст : За женски глас
_tСон ми дойде
505 _gТекст нар. : f1 - b2
_tПатруно моме
505 _gd1 - a2
_rтекст Кирил Христов.
_tНе мой пея, птичко ранобудна
505 _gg - e2
_rтекст Георги Георгиев Джагаров.
_tПриспивна песничка
505 _gh - e2
_rтекст Георги Джагаров.
_tЩе си отидеш
505 _gd1 - f2
_rтекст Георги Джагаров.
_tРаздяла
505 _gg1 - as2
_rтекст А. Хидиш; прев. Гео Милев.
_tУтро
505 _ge1 - a2
_rтекст Михаил Лъкатник.
_tЛека нощ
505 _gb - gis2
_rтекст Николай Зидаров.
_tМамините песни
505 _gais - cis2
_rтекст Николай Зидаров.
_tДа е горда с тебе мама
505 _ge1 - g2
_rтекст Николай Зидаров.
_tА черешата вън ще мълчи
505 _gcis1 - d2
_rтекст Николай Зидаров.
_tЕлегия
505 _ge1 - d2
_rтекст Николай Зидаров.
_tОбич
505 _gh - e2
_rтекст Найден Вълчев.
_tО, сине
505 _ge1 - b2
_rтекст Расул Гамзатович Гамзатов.
_tБолшая страна
505 _gИз муз. комедия Неспокойни сърца : fis1 - gis2
_rтекст Боян Балабанов.
_tВтора ария на Дора
505 _gИз муз. комедия Неспокойни сърца : f1 - as2
_tПесен на Милена
505 _gИз ораторията Рожен слиза от Родопа : G1 - d1
_rтекст Владимир Башев.
_tЕрим великан
650 4 _aВокална музика
_9276897
653 _aвокална музика
852 _aЦб М ІІ 7856
_p19
_bЦб
856 4 _qpdf
_u
856 4 _qpdf
_u
942 _cNOT
_n0
_s1
944 _aCR
_c10.10.2017
_kИрена_Линкова
944 _aED
_c2020-06-10
_kГГГ
999 _d322089
999 _d322089
999 _d322089